[Event "Berlin Lichtenberger op 10th"]
[Site "Berlin"]
[Date "2011.08.13"]
[Round "1"]
[White "Huelse, Hagen"]
[Black "Weichlein, Paul"]
[Result "0-1"]
[WhiteElo "1702"]
[BlackElo "1973"]
[PlyCount "38"]
[EventDate "2011.08.13"]
[EventType "swiss"]
[EventRounds "9"]
[EventCountry "GER"]
[SourceTitle "CBM 143 Extra"]
[Source "ChessBase"]
[SourceDate "2011.08.29"]
[SourceVersion "1"]
[SourceVersionDate "2011.08.29"]
[SourceQuality "1"]

1. d4 d5 2. Nf3 Nf6 3. Bf4 Bf5 4. e3 e6 5. c3 c5 6. Bd3 Ne4 7. Nbd2 Nxc3 8. bxc3 Bxd3 9. Nb3 c4 10. Nbd2 Nd7 11. Qa4 a6 12. Ne5 b5 13. Qd1 Nxe5 14. dxe5 g5 15. Bg3 h5 16. h3 Qa5 17. f4 Bc5 18. Kf2 Qxc3 19. Nf3 Bxe3+ 0-1